logo

Bir Sreshtho Munshi Abdur Rouf Library
Jhenaidah Cadet College

Atlas Of The Prophet's Biography / (Record no. 11747)

MARC details
000 -LEADER
fixed length control field 00650nam a2200229 a 4500
001 - CONTROL NUMBER
JCCL Control Number 11747
003 - CONTROL NUMBER IDENTIFIER
JCCL marc code BD-JhCC
005 - DATE AND TIME OF LATEST TRANSACTION
control field 20200827123444.0
008 - FIXED-LENGTH DATA ELEMENTS--GENERAL INFORMATION
fixed length control field 200827b2004 enka|||| ||a| 000 0 eng d
020 ## - INTERNATIONAL STANDARD BOOK NUMBER
International Standard Book Number 9960897710
035 ## - SYSTEM CONTROL NUMBER
system control number (BD-JhCC)11747
040 ## - CATALOGING SOURCE
Original cataloging agency BD-JhCC
Modifying agency BD-JhCC
041 ## - LANGUAGE CODE
Language code of Book eng
082 ## - DEWEY DECIMAL CLASSIFICATION NUMBER
Classification number 297.1
Author mark and Year KHA 2004
100 ## - MAIN ENTRY--PERSONAL NAME
Personal name Khalil, Shawqi Abu
245 ## - TITLE STATEMENT
Title Atlas Of The Prophet's Biography /
Statement of responsibility, etc Shawqi Abu Khalil .
260 ## - PUBLICATION, DISTRIBUTION, ETC. (IMPRINT)
Place of publication, distribution, etc London:
Name of publisher, distributor, etc Darussalam;
Date of publication, distribution, etc 2004.
300 ## - PHYSICAL DESCRIPTION
Pagination 292 p. :
Other physical details illus;
Dimensions 26 cm.
651 ## - SUBJECT ADDED ENTRY--GEOGRAPHIC NAME
Geographic name Middle East
Form subdivision History
General subdivision Maps. Islam
Chronological subdivision Historical geography
Geographic subdivision Maps. Middle East.
942 ## - ADDED ENTRY ELEMENTS (KOHA)
Source of classification or shelving scheme Dewey Decimal Classification
Koha item type Books
Holdings
Source of classification or shelving scheme Damaged status Not for loan Home library Current library Shelving location Date of accession Total Checkouts Full call number Barcode Date last seen Copy number Koha item type
Dewey Decimal Classification   Not For Loan JCC Rouf Library JCC Rouf Library General Stacks 08/27/2020   297.1 KHA 2004 16020 08/27/2020 C-1 Books

JCC Library | Contacts | JCC Home

Last Update on 23 September 2017
Copyright @ 2017-2020 JCC Rouf Library
Rouf Library, Jhenidah Cadet College (JCC), Bangladesh